000 00630nam a2200229Ia 4500
003 OSt
005 20221007075826.0
006 a|||||r|||| 00| 0
007 ta
008 221006b |||||||| |||| 00| 0 eng d
024 _a46,204
037 _cTextual
040 _aFLL
_cFLL
_beng
041 _2eng
_aeng
082 _aZ(Q), Q6
100 _aAHMED Farrah Au.
_9694266
245 0 _aReligious freedom under the personal law system
260 _aNew Delhi
_bOxford University Press India
_c2016
300 _a242p. xviii
_ccm.
942 _hZ(Q), Q6
_cTEXL
_2CC
999 _c1157489
_d1157489